Вопросы разработки механизированной информационно-поисковой системы для Центрального справочно-информационного фонда по химии и химической промышленности. Вып. 9: Опыт математико-лингвистического исследования научно-технических текстов по химической технологии (Запись № 8564339)

Подробности
000 -МАРКЕР
контрольное поле 02092nam2a22002771 4500
001 - ИДЕНТИФИКАТОР ЗАПИСИ
контрольное поле rc\4379159
005 - ИДЕНТИФИКАТОР ВЕРСИИ
контрольное поле 20250611163743.0
035 ## - ДРУГИЕ СИСТЕМНЫЕ НОМЕРА
Идентификатор записи (NLR Aleph) 008289045
100 ## - ДАННЫЕ ОБЩЕЙ ОБРАБОТКИ
Данные общей обработки 20130416d1968 |||y0rusy50 ca
101 0# - ЯЗЫК РЕСУРСА
Язык текста, звукозаписи и т.д. русский
102 ## - СТРАНА ПУБЛИКАЦИИ ИЛИ ПРОИЗВОДСТВА
Страна публикации Российская Федерация
105 ## - ПОЛЕ КОДИРОВАННЫХ ДАННЫХ: ТЕКСТОВЫЕ МАТЕРИАЛЫ, МОНОГРАФИЧЕСКИЕ
Кодированные данные о монографическом текстовом документе y z |||||
200 1# - ЗАГЛАВИЕ И СВЕДЕНИЯ ОБ ОТВЕТСТВЕННОСТИ
Основное заглавие Опыт математико-лингвистического исследования научно-технических текстов по химической технологии
Первые сведения об ответственности Подготовили: А.И. Можель, В.И. Кацнельсон и Р.Н. Уарова]
210 ## - ПУБЛИКАЦИЯ, РАСПРОСТРАНЕНИЕ И ДР.
Имя издателя, распространителя и т. д. Науч.-исслед. ин-т техн. экон. исследований
Дата издания, распространения и т.д. 1968
Место издания, распространения и т.д. Б. м.
215 ## - ФИЗИЧЕСКАЯ ХАРАКТЕРИСТИКА
Специфическое обозначение материала и объем 68 с.
461 #0 - УРОВЕНЬ НАБОРА
Встроенное поле 001rc\4379150
-- 2001#$aВопросы разработки механизированной информационно-поисковой системы для Центрального справочно-информационного фонда по химии и химической промышленности$e(Метод. пособие)$eВып. 1-$fГос. ком. хим. пром-сти при Госплане СССР. Науч.-исслед. ин-т технико-экон. исследований$vВып. 9
Системный номер (АБИС) связанной записи 8564287
Место публикации Москва
Дата публикации 1964
Первые сведения об ответственности Гос. ком. хим. пром-сти при Госплане СССР. Науч.-исслед. ин-т технико-экон. исследований
Имя издателя, распространителя и т.д. Б. и.
Сведения, относящиеся к заглавию (Метод. пособие) : Вып. 1-
Заглавие Вопросы разработки механизированной информационно-поисковой системы для Центрального справочно-информационного фонда по химии и химической промышленности
Номер тома Вып. 9
702 #1 - ИМЯ ЛИЦА - ВТОРИЧНАЯ ОТВЕТСТВЕННОСТЬ
Начальный элемент ввода Кацнельсон
Часть имени, кроме начального элемента ввода В.П.
Код отношения Прочие
702 #1 - ИМЯ ЛИЦА - ВТОРИЧНАЯ ОТВЕТСТВЕННОСТЬ
Начальный элемент ввода Уарова
Часть имени, кроме начального элемента ввода Р.Н.
Код отношения Прочие
702 #1 - ИМЯ ЛИЦА - ВТОРИЧНАЯ ОТВЕТСТВЕННОСТЬ
Начальный элемент ввода Можель
Часть имени, кроме начального элемента ввода А.И.
Код отношения Прочие
801 #0 - ИСТОЧНИК ЗАПИСИ
Страна Российская Федерация
Организация NLR
Правила каталогизации psbo
801 #1 - ИСТОЧНИК ЗАПИСИ
Страна Российская Федерация
Организация ELAR
Источник данных rusmarc
852 ## - МЕСТОНАХОЖДЕНИЕ И ШИФР ХРАНЕНИЯ
Идентификатор организации NLR
Шифр хранения (Call Number) Б Б135/В748
852 ## - МЕСТОНАХОЖДЕНИЕ И ШИФР ХРАНЕНИЯ
Идентификатор организации NLR
Шифр хранения (Call Number) 68-6/3456
942 ## - ДОПОЛНИТЕЛЬНЫЕ ЭЛЕМЕНТЫ ЗАПИСИ (АБИС)
Тип экземпляра АБИС Книга
980 ## - КОЛЛЕКЦИЯ
Название коллекции Национальная библиография
Экземпляры
Тип экземпляра Дата поступления Библиотека постоянного хранения Библиотека текущего хранения Место хранения Шифр хранения Штрих-код Статус экземпляра
Книга 26.10.2013 РНБ (Московский) РНБ (Московский) Русский книжный фонд: издания с 1957 года 68-6/3456 8289045-20  
Книга 26.10.2013 РНБ (Садовая) РНБ (Садовая) Фонд литературы по библиотековедению Б Б135/В748 8289045-10